Music Quiz

Random Music or Missing Word Quiz

Find the Missing Colors in Album Titles Quiz Stats

 Plays Quiz Updated Apr 8, 2019

Support Sporcle.
Go Orange.
Score 0/12 Timer 03:00
0 Plays Today
% Correct
PURPLE Rain
94.6%
After the GOLD Rush
91.6%
BLACK Holes and Revelations
87.2%
Kind of BLUE
77.1%
Agent ORANGE
76.2%
The BRONZE Age: 1979-1982
75.9%
SILVER Side Up
70.8%
RED
67%
BRASS Knuckles
66.8%
WHITE Blood Cells
66.3%
GREEN River
59.1%
PINK Friday
56.6%

From the Vault

Pikachu Moves

by beforever

Gaming 4m
I mean c'mon, he can can store electricity in its cheeks and release it as lightning-based attacks...I would love to do that!
Remove Ads.
Support Sporcle.
Get the best of Sporcle when you Go Orange. This ad-free experience offers more features, more stats, and more fun while also helping to support Sporcle. Thank you for becoming a member.

Show Comments

Extras

Top Quizzes Today


Score Distribution

Your Account Isn't Verified!

In order to create a playlist on Sporcle, you need to verify the email address you used during registration. Go to your Sporcle Settings to finish the process.

Report this User

Report this user for behavior that violates our Community Guidelines.

Details: